Регионална библиотека "Любен Каравелов" - Русе

Политическо пътешествие срещу ветровете на ХХ век (Запис номер 107054)

MARC детайли
000 -Лидер
Контролно поле с фиксирана дължина 01739nam a2200373 c 4500
003 - Код на организацията, давaща контролен номер
Контролно поле BLK
005 - Дата и час на последна редакция
Контролно поле 20250119004132.0
008 - Елементи от данни с фиксирана дължина
fixed length control field 180409b bul|||||r ||||||| ||bul||
010 ## - Наследен системен номер
LC control number KNG00112329000
020 ## - Международен стандартен номер на книга ISBN
Международен стандартен номер на книга ISBN 954-642-145-6
-- издат.: Pensoft - на том(т. 4)
040 ## - Източник на каталожния запис
Идентификатор на билиотеката - собственик на записа BLK
041 ## - Код за език
Код за езика на текст/звукозапис или на отделно заглавие Български
Код за езика КДБФ Български
080 ## - УДК
Текстов определител УДК Българска литература
УДК код - определител по УДК 821.163.2
УДК определител -94
УДК - код + определител 821.163.2-94
080 ## - УДК
Текстов определител УДК История на България
УДК код - определител по УДК 94(497.2)
УДК определител (093.3)
УДК - код + определител 94(497.2)(093.3)
080 ## - УДК
Текстов определител УДК Вътрешна политика. Вж и 329
УДК код - определител по УДК 323
УДК определител (497.2)(093.3)
УДК - код + определител 323(497.2)(093.3)
100 1# - Редна дума - Автор
Автор Райкин, Спас Тодоров
Авторска отговорност първи автор
R(LIN) 114546
139 ## - Редно поле
Редна дума Райкин, Спас Тодоров
Авторски знак Раи - Р 27
245 10 - Сведения за заглавието
Заглавие Политическо пътешествие срещу ветровете на ХХ век
Подзаглавни данни В 5 т. За том: Лични спомени (1951 - 1963)
Редно поле (дума) Спас Тодоров Райкин.
Том Т. 4
Заглавие на том Безотечественици 1951 - 1963
257 ## - Страна на издаване
Страна на създаване/издаване България
260 ## - Област на издателските данни
-- София
Година на издаване 2000 -
Печатница София : Унив. печ. Св. Кл. Охридски
-- За том: София : БАН
300 ## - Физическа характеристика
Размери/Мащаб 24 см
380 ## - Жанр
Жанр Худож. лит.
650 #0 - Допълнително описание по предмет – тема
Основно описание – тема или топоним България - история, нова - спомени
9 (RLIN) 243137
653 ## - Ключова дума – ненормативна
Ключова дума България
653 ## - Ключова дума – ненормативна
Ключова дума история
653 ## - Ключова дума – ненормативна
Ключова дума спомени
760 1# - Описание на основната серия
-- - на том(т. 4)
Редна дума на основното описание Райкин, Спас Тодоров
Място на издаване, издател и година Pensoft, 2001
Страници - том 496 с. : с ил., факс.
Заглавие Т. 4 Безотечественици 1951 - 1963
852 ## - Местоположение
Форматна сигнатура Цб 206070
856 4# - Електронен адрес и достъп
Електронен формат pdf - файл
Път до файла /url/
856 4# - Електронен адрес и достъп
Електронен формат pdf - файл
Път до файла /url/
942 ## - АРТИКУЛИ
Вид на библиотечния материал Книги
Скрит в OPAC Не
944 ## - СЪЗДАВАНЕ И РЕДАКЦИЯ на ЗАПИСА
Създаване/Редакция Създаване
Дата на регистрацията/редакция 14.04.2004
Служител, извършил регистрацията/редакцията
Статус, дата на статуса CRON CRON
944 ## - СЪЗДАВАНЕ И РЕДАКЦИЯ на ЗАПИСА
Създаване/Редакция Редакция
Дата на регистрацията/редакция 26.04.2004
Служител, извършил регистрацията/редакцията
999 ## - СИСТЕМНИ КОНТРОЛНИ НОМЕРА
Koha biblionumber 107054
Koha biblioitemnumber 107054
Наличности
Код за отписване Код за изгубен артикул Код за повреда Коз за рестрикции Код за отдаване Артикулен № Име на библиотеката - собственик Име на библиотеката, в която се намира в момента Статус (Текущо местоположение) Дата на вписване в системата Местоположение - отдел Цена в лева Инвентарен номер Систематично азбучна сигнатура Баркод Номер на екземпляра Цена в евро Служебна бележка Служебен тип на артикула
  Не е изгубен Не е повреден без рестрикции ползва се в читалня 172885 Регионална библиотека "Любен Каравелов" Русе Регионална библиотека "Любен Каравелов" Русе Хранилище 2004-04-14 Хранилище 15.00 120000684537 Цб 206070 120000684537 1 7.67 Дост: Dp Вид: Д N: 21 Дата: 14.05.2003 Книги
Vip Innovations Ltd, Rousse, Bulgaria 2025